Impact of Improved Facility Layout on Energy Consumption in Industry / (Record no. 526445)

000 -LEADER
fixed length control field 00598nam a22001817a 4500
003 - CONTROL NUMBER IDENTIFIER
control field NUST
038 ## - RECORD CONTENT LICENSOR
Staff Name Mr. Zahoor
082 ## - DEWEY DECIMAL CLASSIFICATION NUMBER
Classification number 670.5
100 ## - MAIN ENTRY--PERSONAL NAME
Personal name Shahid, Ahsan
9 (RLIN) 17449
245 ## - TITLE STATEMENT
Title Impact of Improved Facility Layout on Energy Consumption in Industry /
Statement of responsibility, etc. Ahsan Shahid
260 ## - PUBLICATION, DISTRIBUTION, ETC.
Place of publication, distribution, etc. Islamabad :
Name of publisher, distributor, etc. SMME - NUST,
Date of publication, distribution, etc. 2019.
300 ## - PHYSICAL DESCRIPTION
Extent xiii, 46 p. : ill. ;
Dimensions 30cm.
500 ## - GENERAL NOTE
General note Hardcover.
650 ## - SUBJECT ADDED ENTRY--TOPICAL TERM
Topical term or geographic name entry element Design and Manufacturing Engineering - MS Thesis
9 (RLIN) 16133
700 ## - ADDED ENTRY--PERSONAL NAME
Personal name Dr. Shahid Ikram Ullah Butt
9 (RLIN) 16134
856 ## - ELECTRONIC LOCATION AND ACCESS
Uniform Resource Identifier <a href="http://10.250.8.41:8080/xmlui/handle/123456789/29006">http://10.250.8.41:8080/xmlui/handle/123456789/29006</a>
942 ## - ADDED ENTRY ELEMENTS (KOHA)
Source of classification or shelving scheme
Koha item type Thesis
Holdings
Withdrawn status Lost status Source of classification or shelving scheme Damaged status Not for loan Permanent Location Current Location Shelving location Date acquired Full call number Barcode Date last seen Price effective from Koha item type
          Central Library (CL) Central Library (CL) Thesis 07/12/2019 670.5 CL-T-2402 07/14/2019 07/12/2019 Thesis
© 2023 Central Library, National University of Sciences and Technology. All Rights Reserved.